Analýza cestovného ruchu na Slovensku bakalárska práca

Salvato in:
Dettagli Bibliografici
Autore principale: Petríková, Michaela
Ente Autore: Podnikovohospodárska fakulta EU so sídlom v Košiciach. Katedra kvantitatívnych metód
Altri autori: Coroničová Hurajová, Jana, 1986-
Natura: Libro
Lingua:slovacco
Pubblicazione: Košice 2021
Tags: Aggiungi Tag
Nessun Tag, puoi essere il primo ad aggiungerne!!

MARC

LEADER 00000nbm a2200000 4500
001 0275012
005 20220401101146.9
041 0 |a slo 
044 |a SK 
245 1 0 |a Analýza cestovného ruchu na Slovensku  |b bakalárska práca  |c Michaela Petríková ; školiteľ: Jana Coroničová Hurajová 
264 1 |a Košice  |c 2021 
300 |a 49 s. 
100 1 |a Petríková, Michaela 
700 1 |a Coroničová Hurajová, Jana, 1986- 
710 2 |a Podnikovohospodárska fakulta EU so sídlom v Košiciach. Katedra kvantitatívnych metód